00579pam a2200205 a 4500001000800000005001700008008004100025010001700066020003800083020003200121040001800153041000800171043001200179080002000191082002400211100000700235101000800242245009300250504003000343475263420180208070554.0850513s1986 njuaf b 101 0 eng  a 85042682  a0691094160 (alk. paper) :c$40.00 a0691101760 (pbk.) :c$10.00 aDLCcDLCdDLC aeng ae------ a304.632094 coa00a304.632094 coa219 a22 apol14aThe decline of fertility in Europe :cedited by Ansley J. Coale and Susan Cotts Watkins. aBibliography: p. 451-472.